| 000 | 00685nam a22002057a 4500 | ||
|---|---|---|---|
| 005 | 20100805160956.0 | ||
| 010 | _aENG-98422 | ||
| 020 |
_c120.00 _a9788180547720 |
||
| 035 | _aEN-81955 | ||
| 037 | _bDBAD/PUB | ||
| 082 | _a658.8 | ||
| 100 |
_aGupta, C. B. _97275 |
||
| 245 |
_aEssential of marketing management / _cby C. B. Gupta |
||
| 260 |
_aNew Delhi _bSultan Chand & Sons _c2010 |
||
| 270 |
_a23, Daryaganj, _bNew Delhi _e110002 |
||
| 300 |
_averious pegings _b24cm (Pbk) |
||
| 700 | _96809 | ||
| 942 |
_2ddc _cEN _h658.8 _mGUP |
||
| 999 |
_c39586 _d39586 |
||